|
|
|
|
| LEADER |
00980nam a2200301 a 4500 |
| 001 |
000222142 |
| 003 |
CZ BrMZK |
| 005 |
20210412103601.0 |
| 007 |
ta |
| 008 |
010907s1997 xr g j cze d |
| 015 |
|
|
|a cnb000276782
|
| 020 |
|
|
|a 80-901979-5-7
|
| 035 |
|
|
|a (OCoLC)38297236
|
| 040 |
|
|
|a BOA001
|b cze
|
| 072 |
|
7 |
|a 821.162.3-3
|x Česká próza
|2 Konspekt
|9 25
|
| 080 |
|
|
|a 821.162.3-32
|2 MRF
|
| 080 |
|
|
|a (0:82-32)
|2 MRF
|
| 100 |
1 |
|
|a Říhová, Zuzana,
|d 1981-
|7 osa2016909286
|4 aut
|
| 245 |
1 |
0 |
|a Inflammatio /
|c Zuzana Malá ; [ilustrovala Lenka Chromá].
|
| 260 |
|
|
|a Příbram :
|b Knihovna Jana Drdy,
|c 1997
|
| 300 |
|
|
|a 38 s. :
|b il. ;
|c 15 cm
|
| 490 |
1 |
|
|a Začínající autoři ;
|v sv. 1
|
| 655 |
|
7 |
|a české povídky
|7 fd133971
|2 czenas
|
| 700 |
1 |
|
|a Chromá, Lenka
|4 ill
|
| 830 |
|
0 |
|a Začínající autoři
|
| 910 |
|
|
|a BOA001
|b 1-1036.981
|
| 990 |
|
|
|a BK
|
| 996 |
6 |
|
|b 2610058336
|c 1-1036.981
|l MZK
|r Sklad / do 1 hodiny
|n 2
|p p.v.
|w 000222142
|u 000010
|a 1
|e BOA001
|j MZK50
|s P
|